000
00416nam a2200109Ia 4500
008
221009s9999 xx 000 0 und d
082
_a
020
100
_a
श्यामसुन्दर अग्रवाल
_9
36836
245
0
_a
ग्रंथालय सूचीकरण एक अध्ययन
260
_b
मप्र हिन्दी ग्रन्थ अकादमी
942
_c
BK
999
_c
64686
_d
64686